000 01227cam a2200313 a 4500
999 _c59052
_d59052
001 17131142
005 20221114152848.0
008 120123s2012 nyua b 001 0 eng
020 _a9781936113415 (cloth) X
020 _a1936113414 (cloth) X
020 _a9781936113422 (pbk.) X
020 _a1936113422 (pbk.) X
080 _a572.8 G-78
100 1 _aGreen, Michael R.
_q(Michael Richard),
_d1954-
_915796
245 1 0 _aMolecular cloning :
_ba laboratory manual : Volume 1 /
_cMichael R. Green, Joseph Sambrook.
250 _a4th ed.
264 _aCold Spring Harbor, N.Y. :
_bCold Spring Harbor Laboratory Press,
_cc2012.
300 _a3 v. (xxxiii, 1890, 46 p.) :
_bill. (some col.) ;
_c29 cm.
500 _aRev. ed. of: Molecular cloning : a laboratory manual / Joseph Sambrook, David W. Russell. 2001.
504 _aIncludes bibliographical references and index.
653 _aMolecular cloning
653 _aLaboratory manuals.
653 _aმოლეკულური კლონირება
653 _aბიოლოგია
653 _aV. 1. Pt. 1. Essentials
700 1 _aSambrook, Joseph.
_915798
700 1 _aSambrook, Joseph.
_tMolecular cloning.
_915799
942 _2udc
_cBK